Guess the Harry Potter Movies by Scene #16 - Statistics

General Stats
  • This quiz has been taken 112 times
  • The average score is 19 of 20
Answer Stats
Picture Answer % Correct
Goblet of Fire
100%
Half-Blood Prince
100%
Philosopher's Stone
100%
Philosopher's Stone
100%
Prisoner of Azkaban
100%
Chamber of Secrets
96%
Chamber of Secrets
96%
Goblet of Fire
96%
Order of the Phoenix
96%
Order of the Phoenix
96%
Philosopher's Stone
96%
Chamber of Secrets
92%
Order of the Phoenix
92%
Order of the Phoenix
92%
Prisoner of Azkaban
92%
Deathly Hallows – Part 1
88%
Philosopher's Stone
88%
Deathly Hallows – Part 1
84%
Deathly Hallows – Part 1
84%
Deathly Hallows – Part 2
84%
No matching quizzes found
Score Distribution
Percent of People with Each Score
Percentile by Number Answered
Your Score History
You have not taken this quiz